| 000 | 00885nam a22002177a 4500 | ||
|---|---|---|---|
| 005 | 20240216113300.0 | ||
| 008 | 090826t xxu||||| |||| 00| 0 eng d | ||
| 010 | _aENG139317 EN122849 | ||
| 020 |
_a9789354089503 _c1700 |
||
| 035 | _aENG-139317 EN-122849 | ||
| 040 |
_adpl _bEnglish |
||
| 082 | _a792.80 | ||
| 100 |
_aRAUT PURNASHREE _936944 |
||
| 245 |
_aNRITYA SHASTRA/ _bMYTHOLOGICAL ORIGINS OF DANCE _cPURNASHREE RAUT |
||
| 260 | _aCHHATTISGARGH | ||
| 270 |
_aDIRECTORATE OF CULTURE& ARCHAEOLOGY GOVERNMENT OF CHAHHATTISGARH _bINDIA |
||
| 300 |
_a126p. _bcol. photos _c23.5CM |
||
| 500 | _aIncludes bibliographical references and index | ||
| 942 |
_2ddc _cEN _h792.80 |
||
| 999 |
_c200842 _d200842 |
||